000 02182nam a22002177a 4500
008 170522b xxu||||| |||| 00| 0 eng d
020 _a9780321597229
020 _a0321597229
050 _aQH442
_b.R87 2010
100 _aRussell, Peter J
245 _aGenetics :
_ba molecular approach /
_cPeter J. Russell
250 _a3rd ed
260 _aSan Francisco :
_bBenjamin Cummings,
_c2010
300 _axix, 828 p. :
_bill. (chiefly col.) ;
_c29 cm
500 _aIncludes bibliographical references (p. 728-741) and index
505 _a1. Genetics: An Introduction 2. DNA: The Genetic Material 3. DNA Replication 4. Gene Control of Proteins 5. Gene Expression: Transcription 6. Gene Expression: Translation 7. DNA Mutation, DNA Repair, and Transposable Elements 8. Genomics 9. Functional and Comparative Genomics 10. Recombinant DNA Technology 11. Mendelian Genetics 12. Chromosomal Basis of Inheritance 13. Extensions of and Deviations from Mendelian Genetic Principles 14. Genetic Mapping in Eukaryotes 15. Genetics of Bacteria and Bacteriophages 16. Variations in Chromosome Structure and Number 17. Regulation of Gene Expression in Bacteria and Bacteriophages 18. Regulation of Gene Expression in Eukaryotes 19. Genetic Analysis of Development 20. Genetics of Cancer 21. Quantitative Genetics 22. Population Genetics 23. Molecular Evolution
520 _aWith its modern chapter organization and new Focus on Genomics boxes, iGenetics: A Molecular Approach reflects the increasing molecular emphasis in todays experimental study of genes while helping students develop problem- solving skills and an appreciation for classic experiments. Although molecular topics are presented first, instructors can assign the chapters in any sequence. Pedagogical features such as chapter-opening Key Questions and strategically placed Keynotes help students to efficiently master genetic concepts. The Genetics Place Companion Website contains interactive iActivities and narrated animations that help students visualize and understand processes and concepts that are illustrated in the text
650 _vMolecular genetics
655 _2swd
_bLehrbuch.
942 _2lcc
_cBK
999 _c50388
_d50388